Istmo : revista del centro de América : el Opus Dei /

Guardado en:
Bibliografiske detaljer
Hovedforfatter: Herranz, Julián (autor)
Format: Bog
Sprog:spansk
Fag:
Tags: Tilføj Tag
Ingen Tags, Vær først til at tagge denne postø!

MARC

LEADER 00000nam^a2200000^a^4500
001 000301515
005 20250521000000.0
009 20260310112545.541
025 |a Donación Robles Martínez, 1 ejemplar 
037 |a Acervo ITESO - Biblioteca 
041 |a ESP 
082 |a 300. 05  |b IST 1961-sep 
100 |a Herranz, Julián  |e (autor) 
240 1 1 |a [Istmo] 
245 0 0 |a Istmo :  |b revista del centro de América : el Opus Dei /  |c J. Herranz. 
264 |a México :  |b Istmo,  |c 1961 
300 |a 12 p. 
336 |a texto  |b txt  |2 rdacontenido 
337 |a sin mediación  |b n  |2 rdamedio 
338 |a volumen  |b nc  |2 rdasoporte 
649 |a XX 
650 |a Ciencias Sociales -  |x Publicaciones Periódicas Mexicanas 
650 |a Opus Dei 
910 |a Fondo Robles Martínez 
920 |a Impresos - Libros 
930 |a Fondos Especiales 
905 |a 123 
901 |a 0500187715  |b IT2  |c ESP  |i D  |u 20250521 
902 |a https://opac.biblio.iteso.mx/vufind/Record/000301515